Tareekh e Makkah Mukarma (Record no. 325400)

000 -LEADER
fixed length control field 00382 a2200133 4500
001 - CONTROL NUMBER
control field 90327
082 ## - DEWEY DECIMAL CLASSIFICATION NUMBER
Classification number 953.1 SAF
090 ## - LOCALLY ASSIGNED LC-TYPE CALL NUMBER (OCLC); LOCAL CALL NUMBER (RLIN)
-- 42647
-- 42647
100 ## - MAIN ENTRY--PERSONAL NAME
Personal name Safi Ur Rehman Mubarik Poori Molana
245 ## - TITLE STATEMENT
Title Tareekh e Makkah Mukarma
Statement of responsibility, etc. Molana Safi Ur Rehman Mubarak Poori
Medium Urdu
260 ## - PUBLICATION, DISTRIBUTION, ETC.
Place of publication, distribution, etc. Lahore
Name of publisher, distributor, etc. Dar Us Salam Publishers
Date of publication, distribution, etc. 2013
300 ## - PHYSICAL DESCRIPTION
Extent 184p.
500 ## - GENERAL NOTE
General note General Collection
942 ## - ADDED ENTRY ELEMENTS (KOHA)
Institution code [OBSOLETE] CAE NUST
Call number prefix 953.1 SAF
Holdings
Withdrawn status Lost status Damaged status Not for loan Collection code Permanent Location Current Location Date acquired Total Checkouts Full call number Barcode Date last seen Price effective from Koha item type
          College of Aeronautical Engineering (CAE) College of Aeronautical Engineering (CAE) 04/03/2017   953.1 SAF CAE86241 04/05/2017 04/05/2017 Book
© 2023 Central Library, National University of Sciences and Technology. All Rights Reserved.